000 00436nam a2200181Ia 4500
001 4721
005 20260306145816.0
008 260306t2013||||xx |||||||||||||| ||spa||
041 _aESP
082 _a330.01
_bS69
100 _aSosa Gómez, Rodolfo Enrique
_eAUT
245 0 _aManual de ingeniería económica
260 _c2013
300 _a488 páginas :
_c28 cm.
650 _aGEN
654 _aCAN
942 _cLIB
_dJUS
_fJUS
_2ddc
_n
999 _c4721
_d4721